000 00234nam a22000857a 4500
008 160704b xxu||||| |||| 00| 0 eng d
100 _92071
_a Choksi, M., et al
245 _aOnce Upon a Time
260 _aNew Delhi
_bNational Book Trust
_c1973
999 _c1768
_d1768